000 00408nam a2200157 i 4500
001 bg
100 1 _aFRISER, M.
245 0 _aPriroda kriticeskogo sostojanija /
_cM. Friser ; Perev. a angl. M. S. Gitermana.
260 _aMoskva :
_bIzdatel'stvo "Mir",
_c1968.
300 _a220 s.
040 _cBPK
041 _apol
080 _a539.2+539.18
942 _cKS
008 s pl f |000 0 pol
999 _c8710
_d8710